[Event "Europe Echecs online op April"]
[Site "Europe Echecs INT"]
[Date "2020.04.11"]
[Round "8"]
[White "Davout Daverstaedt, Geoffroy"]
[Black "Gorgeot, Christophe"]
[Result "1-0"]
[WhiteElo "2060"]
[BlackElo "1674"]
[PlyCount "183"]
[EventDate "2020.04.11"]
[EventType "swiss (blitz)"]
[EventRounds "11"]
[EventCountry "FRA"]
[SourceTitle "EXT 2021"]
[Source "ChessBase"]
[SourceDate "2020.10.23"]
[SourceVersion "1"]
[SourceVersionDate "2020.10.23"]
[SourceQuality "1"]

1. d4 c6 2. e4 d5 3. e5 g6 4. Nf3 Bg7 5. Be2 Bg4 6. 0-0 e6 7. h3 Bxf3 8. Bxf3 Ne7 9. Re1 0-0 10. Nd2 Nd7 11. Nf1 c5 12. c3 cxd4 13. cxd4 Nc6 14. Be3 Nb6 15. b3 Rc8 16. Qd2 Qh4 17. Rad1 a6 18. a4 Nd7 19. Kh2 Qe7 20. Bh6 Qb4 21. Qxb4 Nxb4 22. Bxg7 Kxg7 23. Ne3 Nc2 24. Rc1 Nxd4 25. Bxd5 Nxb3 26. Bxb3 Nxe5 27. Rxc8 Rxc8 28. Nf5+ gxf5 29. Rxe5 Rc3 30. Re3 Rc7 31. g3 Kf6 32. f4 h6 33. Kg2 b5 34. axb5 axb5 35. Kf3 b4 36. Bd1 Rc1 37. Be2 Rh1 38. Kg2 Rb1 39. h4 Rb2 40. Kf3 Rb1 41. Bc4 Rb2 42. Rb3 Rc2 43. Rxb4 Rc3+ 44. Kg2 Rc2+ 45. Kh3 Rc3 46. Bf1 Rc7 47. Bg2 Kg7 48. Rd4 Kf6 49. Rd3 Kg7 50. Bf3 Kf6 51. Rb3 Kg7 52. Rb7 Rc3 53. Bh5 Rc6 54. Rxf7+ Kg8 55. Re7 Kf8 56. Re8+ Kg7 57. Re7+ Kf8 58. Rh7 e5 59. fxe5 Re6 60. Rf7+ Kg8 61. Rxf5 Kg7 62. Rf7+ Kg8 63. Rf6 Rxe5 64. Rxh6 Re3 65. Rf6 Kg7 66. Rf7+ Kg8 67. Rd7 Re5 68. Bg4 Re3 69. Rb7 Kh8 70. h5 Kg8 71. Kh4 Kh8 72. Bf5 Re5 73. g4 Rc5 74. Rh7+ Kg8 75. Rd7 Rc4 76. Kg5 Rc6 77. h6 Rc5 78. Rd8+ Kf7 79. h7 Rxf5+ 80. gxf5 Ke7 81. Ra8 Kf7 82. h8Q Ke7 83. Ra7+ Kd6 84. Qf6+ Kd5 85. Re7 Kc5 86. Qe6 Kd4 87. Qd6+ Kc4 88. Rc7+ Kb5 89. Qc6+ Ka5 90. Qc3+ Kb5 91. Rb7+ Ka4 92. Qb4# 1-0

[Event "Europe Echecs online op April"]
[Site "Europe Echecs INT"]
[Date "2020.04.11"]
[Round "5"]
[White "Krivine, Frederic"]
[Black "Davout Daverstaedt, Geoffroy"]
[Result "1/2-1/2"]
[WhiteElo "1600"]
[BlackElo "2060"]
[PlyCount "146"]
[EventDate "2020.04.11"]
[EventType "swiss (blitz)"]
[EventRounds "11"]
[EventCountry "FRA"]
[SourceTitle "EXT 2021"]
[Source "ChessBase"]
[SourceDate "2020.10.23"]
[SourceVersion "1"]
[SourceVersionDate "2020.10.23"]
[SourceQuality "1"]

1. e4 c6 2. Nf3 d5 3. exd5 cxd5 4. d4 Nc6 5. Nc3 Nf6 6. Bf4 a6 7. Be2 e6 8. a3 Be7 9. Qd2 0-0 10. h3 Bd7 11. g4 Rc8 12. Bd3 Na5 13. g5 Ne8 14. h4 Nc4 15. Qc1 Qb6 16. Rb1 Qa5 17. 0-0 b5 18. Nd2 Nxb2 19. Rxb2 Qxc3 20. h5 Bxa3 21. Rb3 Bxc1 22. Rxc3 Rxc3 23. Rxc1 f6 24. g6 h6 25. Nb3 f5 26. Nc5 Bc8 27. Bd2 Rxc5 28. dxc5 Nf6 29. Bb4 Re8 30. Be2 e5 31. Rd1 d4 32. c3 Nd5 33. Bf3 Nxb4 34. cxb4 e4 35. Bg2 d3 36. Kf1 Bb7 37. Ke1 Bc6 38. Kd2 f4 39. Re1 Re5 40. Bh1 Bd5 41. Kc3 Rxh5 42. Kd4 Bc6 43. Bxe4 d2 44. Rd1 Bxe4 45. Kxe4 Rg5 46. Kxf4 Rxg6 47. Rxd2 Rc6 48. Ke5 Kf7 49. Rd7+ Ke8 50. Rd5 Ke7 51. f4 Re6+ 52. Kf5 Re1 53. Rd4 Rc1 54. Kg6 a5 55. bxa5 Rxc5 56. Kxg7 Rc6 57. Re4+ Kd6 58. Rb4 Kc5 59. Rb1 b4 60. Rc1+ Kb5 61. Rb1 Kxa5 62. f5 Ka4 63. Ra1+ Kb3 64. f6 Rxf6 65. Kxf6 Kb2 66. Ra8 b3 67. Rb8 Kc2 68. Rc8+ Kb1 69. Kg6 b2 70. Kxh6 Ka2 71. Ra8+ Kb3 72. Rb8+ Kc3 73. Rxb2 Kxb2 1/2-1/2

[Event "Montigny le Bretonneux Noel op 06th"]
[Site "Montigny le Bretonneux"]
[Date "2003.12.29"]
[Round "5"]
[White "Fischer, Jean Claude"]
[Black "Davout Daverstaedt, Geoffroy"]
[Result "1-0"]
[WhiteElo "1810"]
[BlackElo "1950"]
[PlyCount "51"]
[EventDate "2003.12.26"]
[EventType "swiss"]
[EventRounds "6"]
[EventCountry "FRA"]
[SourceTitle "CBM 097 Extra"]
[Source "ChessBase"]
[SourceDate "2004.01.13"]
[SourceVersion "1"]
[SourceVersionDate "2004.01.13"]
[SourceQuality "1"]

1. e4 c5 2. Nc3 Nc6 3. f4 g6 4. Nf3 Bg7 5. Bb5 Nf6 6. d3 0-0 7. 0-0 Qb6 8. Bxc6 bxc6 9. Ne2 c4+ 10. Kh1 Ng4 11. d4 c5 12. Ne5 d5 13. exd5 cxd4 14. Qxd4 Nxe5 15. fxe5 Qxd4 16. Nxd4 Bxe5 17. Nc6 Bf6 18. Bh6 Re8 19. Rae1 Bb7 20. Nxa7 c3 21. b3 Rxa7 22. Rxf6 Rxa2 23. d6 Rxc2 24. d7 Ra8 25. Rd6 Rd2 26. Bxd2 1-0